|
|
|
|
| LEADER |
00000cam a2200000 a 4500 |
| 001 |
vtls010339140 |
| 003 |
SK-MaSNL |
| 005 |
20260301084920.0 |
| 008 |
240313s2011 xo l e p 000 0 slo |
| 015 |
|
|
|a SNBA2012/04-01804
|
| 020 |
|
|
|a 9788022329767
|q (brož.)
|
| 035 |
|
|
|a 06B2B6C9-FED9-4344-825C-6C3FFF42A1D8
|
| 035 |
|
|
|a urn:nbn:sk:snk-amjjpo
|
| 035 |
|
|
|a urn:nbn:sk:snk-am000yqp
|
| 040 |
|
|
|a SNK
|b slo
|c SNK
|e AACR2
|
| 041 |
0 |
|
|a slo
|
| 044 |
|
|
|a xo
|c SK
|
| 072 |
|
7 |
|a 37
|x Výchova a vzdelávanie
|2 konspekt
|
| 072 |
|
7 |
|a 37.016
|x Učebné osnovy. Vyučovacie predmety. Učebnice
|2 konspekt
|
| 080 |
|
|
|a 37.048
|2 2001
|
| 080 |
|
|
|a 373.3.011.3-052-056.49
|2 2001
|
| 080 |
|
|
|a 364.642
|2 2001
|
| 080 |
|
|
|a 316.344.6-056.26/.3-053.2
|2 2001
|
| 080 |
|
|
|a 364.63-053.2
|2 2001
|
| 080 |
|
|
|a 616.89-008.48
|2 2001
|
| 080 |
|
|
|a (07)
|2 2001
|
| 100 |
1 |
|
|a Sejčová, Ľuboslava,
|d 1966-
|4 aut
|9 161860
|
| 245 |
1 |
0 |
|a Poradenstvo vo výchove a vzdelávaní
|c Ľuboslava Sejčová
|
| 250 |
|
|
|a 1. vyd.
|
| 260 |
|
|
|a Bratislava
|b Univerzita Komenského
|c 2011
|
| 300 |
|
|
|a 339 s.
|b tab.
|c 24 cm
|
| 366 |
|
|
|e 100 výt.
|
| 504 |
|
|
|a Bibliogr. s. 324-339
|
| 650 |
0 |
7 |
|a výchovné poradenstvo
|2 SNKPH
|9 3605
|
| 650 |
0 |
7 |
|a problémoví žiaci
|2 SNKPH
|9 71393
|
| 650 |
0 |
7 |
|a problémové rodiny
|2 SNKPH
|9 102611
|
| 650 |
0 |
7 |
|a zdravotne postihnuté deti
|2 SNKPH
|9 1075
|
| 650 |
0 |
7 |
|a násilie na deťoch
|2 SNKPH
|9 19710
|
| 650 |
0 |
7 |
|a patologické závislosti
|2 SNKPH
|9 67667
|
| 650 |
0 |
7 |
|a Educational counseling
|2 SNKPHeng
|9 312697
|
| 650 |
0 |
7 |
|a Problem pupils
|2 SNKPHeng
|9 313667
|
| 650 |
0 |
7 |
|a Problem families
|2 SNKPHeng
|9 312620
|
| 650 |
0 |
7 |
|a Children with disabilities
|2 SNKPHeng
|9 311931
|
| 650 |
0 |
7 |
|a Child abuse
|2 SNKPHeng
|9 361881
|
| 650 |
0 |
7 |
|a Pathological dependences
|2 SNKPHeng
|9 306523
|
| 655 |
|
7 |
|a učebné texty
|2 SNKPH
|9 70568
|
| 655 |
|
7 |
|a Educational texts
|2 SNKPHeng
|9 277375
|
| 852 |
|
|
|a Štátna vedecká knižnica v Banskej Bystrici
|
| 919 |
|
|
|a 978-80-223-2976-7
|
| 958 |
|
|
|a NB
|
| 968 |
|
|
|d 37
|
| 999 |
|
|
|c 664559
|d 666489
|
| 952 |
|
|
|a SNK
|b SNK
|y PREZ
|7 0
|p 17A0878027
|o snkSC 148327
|i snk2012/3974
|8 0
|0 0
|1 0
|4 0
|d 2012-02-14
|l 0
|r 2025-07-17 00:00:00
|w 2026-02-23
|
| 952 |
|
|
|a SNK
|b SNK
|y VYP
|7 0
|p 17A0878026
|o snkSC 148327 D1
|i snk2012/3975
|8 0
|0 0
|1 0
|4 0
|d 2012-02-14
|l 1
|r 2026-03-16 11:07:26
|s 2026-02-28
|w 2026-02-23
|